Normal view
MARC view
Entry Personal Name
001 - CONTROL NUMBER
- control field: 49327
003 - CONTROL NUMBER IDENTIFIER
- control field: ARRUPE
005 - DATE AND TIME OF LATEST TRANSACTION
- control field: 20200204093503.0
008 - FIXED-LENGTH DATA ELEMENTS
- fixed length control field: 200204|| aca||aabn | a|a d
040 ## - CATALOGING SOURCE
- Original cataloging agency: ARRUPE
- Transcribing agency: ARRUPE
100 ## - HEADING--PERSONAL NAME
- Personal name: Lyttelton, George William Lyttelton,
- Titles and other words associated with a name: Baron,
- Dates associated with a name: 1817-1876
- General subdivision: Family.
670 ## - SOURCE DATA FOUND
- Source citation: Work cat.: (ARRUPE)0: Fletcher, Sheila. 49326, Victorian girls :, 1997.